000 01481nam a2200265 i 4500
001 156982
003 ES-MaACL
005 20251013192957.0
008 960403m17781781it a |||| | ita d
040 _aBa
_bspa
_cCCPB
100 1 _aLlampillas, Francisco Javier (
_d1731-1810)
_9128636
245 1 0 _aSaggio storico-apologetico della letteratura spagnuola contro le pregiudicate opinioni di alcuni moderni scrittori italiani /
_cdissertazioni del ... abate D. Saverio Lampillas ; parte I [-II].
260 _aGenova :
_bpresso Felice Repetto in Canneto,
_c1778-1781.
300 _a2 partes en 6 v. (292, [2] p., [1] h. de grab. ; 304 p. ; 298, [2] p. ; 441, [3] p., 1 h. de grab. ; 311 p. , 1 h. de grab. ; 327, [1] p.) ;
_c20 cm.
505 8 _aParte I: Della letteratura antica (tomo I-II) -- Parte II: Della letteratura moderna (tomo I-IV)
597 _aSign.: a-s8, t4-¹ ; a-t 8 ; A-S8, T6 ; A-2D8, 2E6 ; A-T8, V4 ; A-V8, X4.
597 _aPort. con orla tip.
599 _aLas h. de grab. calcográficos: "Abb. gav. inv. Giuseppe Benedeti" ; "J. Camarón la inventó, P.P. Moles la gravó en Barcelona 1779"
650 4 _aLiteratura española-
_xHistoria y crítica
_914560
700 1 _aBenedetti, Giuseppe Papini,
_d1707-1782
_9125910
700 1 _aCamarón Bonanat, José,
_d1731-1803
_9153327
700 1 _aMoles, Pascual Pedro,
_d1741-1797
_9153329
852 _aES-MaACL
_jR-1210-16
_z-- Enc. hol.
_z Olim: G-10034-40
999 _c156982
_d156982